000
00323nam a2200109Ia 4500
008
200302s9999 xx 000 0 und d
100
_a
James Steele
245
_a
The complete architecture of Balkrishna Doshi Rethinking modernism for the developing world
260
_b
Thames and Hudson Ltd.
260
_c
1998
300
_a
208
999
_c
6527
_d
6527